Planning, recruiting and selecting human resources

Bibliographic Details
Main Author: Tan Kwang How
Format: Book
Published: Shah Alam : Federal Publications Sdn.Bhd. , 1995
Subjects:

MARC

LEADER 00000cam a2200000 7i4500
001 0000081663
005 20040809.0
020 |a 9679149072 
090 0 0 |a 658.3   |b TAN 
100 0 |a Tan Kwang How 
245 1 0 |a Planning, recruiting and selecting human resources   |c Tan Kwang How 
260 |a Shah Alam :   |b Federal Publications Sdn.Bhd. ,   |c 1995 
300 |a 152p. ;   |c 26cm. 
650 0 0 |a Employees planning 
650 0 0 |a Employees selection 
650 0 0 |a Manpower planning 
650 0 0 |a Personnel management 
999 |a 00177049   |b BUKU   |c PINJAMAN   |e PERPUSTAKAAN KOMUNITI PETALING JAYA